|
|
|
|
| LEADER |
00000nab a2200000 a 4500 |
| 001 |
vtls011614836 |
| 003 |
SK-MaSNL |
| 005 |
20260304234030.0 |
| 008 |
170228c20170126xo drz 0 0slo |
| 038 |
|
|
|a KEVKJB
|
| 040 |
|
|
|a KEVKJB
|b slo
|c KEVKJB
|e AACR2
|
| 041 |
0 |
|
|a slo
|
| 044 |
|
|
|a xo
|c SK
|
| 080 |
|
|
|a 378.4
|2 2011
|
| 245 |
0 |
0 |
|a Vyhorená univerzitná budova: Robotníci dokončujú prvú fázu prác
|c [autor] (len)
|
| 300 |
|
|
|b Fotogr.
|
| 610 |
2 |
7 |
|a Univerzita Pavla Jozefa Šafárika v Košiciach.
|b Prírodovedecká fakulta.
|b Ústav chemických vied.
|b Katedra biochémie
|2 kevkjb
|9 263914
|
| 650 |
0 |
7 |
|a požiare
|2 kevkjb
|9 1504
|
| 651 |
|
7 |
|a Košice (Slovensko)
|2 kevkjb
|9 18694
|
| 773 |
0 |
|
|t Korzár : denník Košického kraja
|g Roč. XX., č. 21 (26.1.2017), s. 3
|x 1338-659X
|
| 852 |
|
|
|a KEVKJB
|b KIS3GCP
|
| 856 |
4 |
1 |
|u https://kosice.korzar.sme.sk/c/20442801/vyhorena-univerzitna-budova-robotnici-dokoncuju-prvu-fazu-prac.html
|
| 999 |
|
|
|c 3201660
|d 3203590
|